|
|
|
|
| LEADER |
00000nam a22000007a 4500 |
| 001 |
69497 |
| 003 |
CZ-ZlUTB |
| 005 |
20240829152746.0 |
| 007 |
ta |
| 008 |
140225s2013 xr a a 000 j cze d |
| 040 |
|
|
|a ZLD002
|b cze
|
| 072 |
|
7 |
|a 821.162.3-3
|x Česká próza
|2 Konspekt
|9 25
|
| 072 |
|
7 |
|a 821-93
|x Literatura pro děti a mládež (beletrie)
|2 Konspekt
|9 26
|
| 080 |
|
|
|a 821-93
|2 MRF
|
| 080 |
|
|
|a 821.162.3-34
|2 MRF
|
| 080 |
|
|
|a (0:82-34)
|2 MRF
|
| 100 |
1 |
|
|a Bartošek, Iren
|4 aut
|
| 245 |
1 |
0 |
|a Povíhádky z Bílé a Černé vody /
|c Iren Bartošek ; ilustrace Petra Jiroušková
|
| 250 |
|
|
|a Nulté vyd.
|
| 260 |
|
|
|a Česko :
|b Děnda,
|c 2013
|
| 300 |
|
|
|a 237 s. :
|b il. ;
|c 26 cm
|
| 500 |
|
|
|a 40 výt.
|
| 500 |
|
|
|a "Napsáno v Brně, ve Veverské Bítýšce a ve Žďáru nad Sázavou v době od prosince 1986 do ledna 2005."--Tiráž
|
| 521 |
|
|
|a Pro děti od 3 do 100 let
|
| 562 |
|
|
|a Výtisk č. 13 s rukopisným poděkováním autora a ilustrátorky na rubu tit. s. ;
|b Exemlář s čárovým kódem 420010152918
|
| 655 |
|
7 |
|a české pohádky
|7 fd133970
|2 czenas
|
| 655 |
|
7 |
|a publikace pro děti
|7 fd133156
|2 czenas
|
| 655 |
|
9 |
|a Czech fairy tales
|2 eczenas
|
| 655 |
|
9 |
|a children's literature
|2 eczenas
|
| 700 |
1 |
|
|a Jiroušková, Petra
|7 mzk2011668621
|4 ill
|
| 910 |
|
|
|a ZLD002
|
| 952 |
|
|
|0 0
|1 0
|4 0
|6 82193BRAUNOVÁP
|7 0
|8 BOOK
|9 126204
|a UTBZL
|b UTBZL
|c 012
|d 2014-02-25
|l 2
|m 1
|o 821-93/BRAUNOVÁ,P.
|p 420010152918
|q 2028-12-21
|r 2023-08-29 00:00:00
|s 2023-08-29
|v 1898.00
|w 2019-08-26
|x změnit signaturu | N:nákup
|y 08
|
| 992 |
|
|
|a BK
|d 1
|
| 999 |
|
|
|c 69497
|d 69497
|